| 000 | 00563nam a22001457a 4500 | ||
|---|---|---|---|
| 020 | _a0-00-712091-5 | ||
| 082 |
_a823 _bCHR/C |
||
| 100 | _aCHRISTIE, AGATHA | ||
| 245 | _aCARIBBEAN MYSTERY | ||
| 260 |
_aLONDON _bHARPER COLLINS |
||
| 300 | _a287 | ||
| 520 | _aAn exotic holiday for Miss Marple is ruined when a retired major is killed… As Miss Marple sat basking in the Caribbean sunshine she felt mildly discontented with life. True, the warmth eased her rheumatism, but here in paradise nothing ever happened. | ||
| 650 |
_aNOVEL,ENGLISH _zLONDON |
||
| 942 | _cBK | ||
| 999 |
_c2479 _d2479 |
||